Szállítás és Szállítmányozás a Dachser cég vonatkoztatásában
| Szerző: | |
|---|---|
| További közreműködők: | |
| Dokumentumtípus: | Projektmunka |
| Kulcsszavak: | áruszállítás koronavírus-járvány (COVID-19) logisztika logisztikai szolgáltatások raktározás |
| Online Access: | http://dolgozattar.uni-bge.hu/60315 |
MARC
| LEADER | 00000nnm a2200000 i 4500 | ||
|---|---|---|---|
| 001 | dolg60315 | ||
| 005 | 20260409150308.0 | ||
| 008 | 260409suuuu hu o 000 hun d | ||
| 040 | |a BGE Dolgozattár Repozitórium |b hun | ||
| 041 | |a hu | ||
| 100 | 1 | |a Kiss Kevin László | |
| 245 | 1 | 0 | |a Szállítás és Szállítmányozás a Dachser cég vonatkoztatásában |c Kiss Kevin László |h [elektronikus dokumentum] |
| 516 | |a Project_work | ||
| 520 | 3 | |a Dolgozatomban a DACHSER Hungary Kft. példáján keresztül vizsgáltam meg a logisztika, szállítás és szállítmányozás közötti különbségeket, valamint a logisztikai szolgáltatások működését a gyakorlatban. Bemutattam a COVID–19 járvány hatását a vállalatra, valamint a cég alkalmazkodási stratégiáit. Kitértem a közúti áruszállítás legfontosabb jogszabályaira, és saját szakmai tapasztalataimat is beépítettem. A dolgozat végén javaslatokat fogalmaztam meg a fenntartható fejlődés és a hazai logisztikai együttműködés erősítésére. | |
| 695 | |a áruszállítás | ||
| 695 | |a koronavírus-járvány (COVID-19) | ||
| 695 | |a logisztika | ||
| 695 | |a logisztikai szolgáltatások | ||
| 695 | |a raktározás | ||
| 700 | 1 | |a Domboróczky Dr. Zoltán |e ths | |
| 856 | 4 | 0 | |u http://dolgozattar.uni-bge.hu/60315/1/SzakdogaKKL.pdf |z Dokumentum-elérés |
| 856 | 4 | 0 | |u http://dolgozattar.uni-bge.hu/60315/2/Kiss_Kevin_KM%20FOSZK%20b%C3%ADr%C3%A1lati%20lap.pdf |z Dokumentum-elérés |